| 000 | 003090000a22000970004500 | ||
|---|---|---|---|
| 100 | 1 | _aCrosbie, Paul | |
| 245 | 1 | 0 | _aCómo se tradujeron los nombres de algunos discipulos en el lenguaje criollo de Curazao |
| 300 | _aVol. 54, Núm 241 (1999), Páginas 25-26 | ||
| 773 | 0 | _tLa Biblia de las Américas | |
| 942 | _cANA | ||
| 999 |
_c51532 _d51532 |
||